Toilet Paper Brands Quiz Stats

 Plays Quiz not verified by Sporcle

Score 0/5 Timer 05:00
0 Plays Today
% Correct
Charmin
94.7%
Scott
60.6%
Angel Soft
59.6%
Cottonelle
47.9%
Quilted Northern
42.6%

You're not logged in!

Compare scores with friends on all Sporcle quizzes.
OR
Log In

Show Comments

Extras

Created Oct 16, 2010ReportNominate
Tags:brand, Brand Names, paper, toilet, Top 5

Top Quizzes Today


Score Distribution

Your Account Isn't Verified!

In order to create a playlist on Sporcle, you need to verify the email address you used during registration. Go to your Sporcle Settings to finish the process.

Report this User

Report this user for behavior that violates our Community Guidelines.

Details: